00426nam a22001457a 450000500170000000800410001702000150005804100130007308200140008610000260010024500500012626000470017630000310022365000260025420231116104353.0231116b |||||||| |||| 00| 0 eng d a0702109975 aEnglish  a343.9 COO aCooper, WE lEnglish  aAlcohol, Drugs and Road Traffic /cWE Cooper  aCape Town : bJuta and Company Ltd, c1979 bxvi, 402 pages ; c26 cm.  aLegal practice bLaw